Statystyki dla Zwierzęta na literę N

Kliknij tutaj aby rozwiązać quiz!

Ogólne statystyki

  • Ten quiz został rozwiązany 229 razy
  • Średni wynik to 5 z 11

Statystyki odpowiedzi

Zwierzę% Poprawnych
nosorożec
84%
nietoperz
66%
norka
63%
niedźwiedź
58%
nutria
52%
nornica
45%
narwal
34%
nur
26%
nosacz
24%
nandu
17%
nartnik
12%

Rozkład punktacji

Percentyl według liczby udzielonych odpowiedzi

Procent ludzi z każdym wynikiem

Twoja historia wyników

Nie rozwiązałeś tego quizu